Дело о приглашении виленского аптекаря Велька, известного своими научными познаниями, для проведения испытания фармацевтов в Вил...

Доступно только в Электронных читальных залах Найти на картеНа карте
RUSMARC
00004247nmc2a2200000 x 450
00150e2c5cd-2fe0-4601-bafc-69d94c4c879c
00520151215132733.0
100##$a20150820l18411843k l0rusy0189 ca
1010#$arus
102##$aRU
2001#$aДело о приглашении виленского аптекаря Велька, известного своими научными познаниями, для проведения испытания фармацевтов в Виленской медико-хирургической академии
$j29 сентября 1841 г. - 29 августа 1843 г.
251##$cДело
300##$aДело
300##$aОриг. заголовок дела: Дело по представлению помощника попечителя Белорусского учебного округа о приглашении аптекаря Велька для испытания фармацевтов в Виленской академии. Тут же и о награждении его подарком. 29 сентября 1841 г. - 29 августа 1843 г
801#0$aRU
$bРГИА
$c20150820
$gRCR
801#1$aRU
$bГлавНИВЦ
$c20150820
$2rusmarc
801#2$aRU
$bПБ им. Б.Н. Ельцина
$c20151215
$gRCR
$2rusmarc
850##$aРГИА
852##$aРГИА
$eФедеральное казенное учреждение "Российский государственный исторический архив" (РГИА)
$j386
937##$hРГИА
$d12092131
$aASBIBLIO_SCAN
462#0$100110dcdccd-ec79-4ee8-a204-b9d031b41c04
$12001
$aМедицинские дела Департамента народного просвещения
$1251
$cОпись
$1852
$j99
461#0$1001a74412a3-3cc5-4d21-8f0a-dfe2fbd9e72d
$12001
$aДепартамент народного просвещения Министерства народного просвещения
$1251
$cФонд
$1852
$j733
215##$a16 л.
$d36,5х26 см
371##$aДокумент не является опубликованным и широко распространяемым
105##$ay###
1222#$ad
5171#$aДело по представлению помощника попечителя Белорусского учебного округа о приглашении аптекаря Велька для испытания фармацевтов в Виленской академии. Тут же и о награждении его подарком. 29 сентября 1841 г. - 29 августа 1843 г
035##$a50e2c5cd-2fe0-4601-bafc-69d94c4c879c
Формат отображения